| 000 | 00621nam a22001937a 4500 | ||
|---|---|---|---|
| 003 | OSt | ||
| 005 | 20260119014844.0 | ||
| 008 | 260119b |||||||| |||| 00| 0 eng d | ||
| 020 | _a971-08-2869-x | ||
| 040 |
_aDWC-Main lib _cOC |
||
| 082 | _aGen. 499.2113 D278t 1968 | ||
| 100 | _aDe Guzman, Maria Odulio | ||
| 245 |
_aTagalog- English, English- Tagalog Dictionary/ _cMaria Odulio De Guzman |
||
| 260 |
_aMandaluyong City : _bNational Bookstore, _cc1968. |
||
| 300 |
_aviii , 193 pages : _billustrations ; _c 17cm. |
||
| 650 | _a1. English language | ||
| 650 | _a2. Tagalog Language | ||
| 942 |
_2ddc _cGR _kGen. _n0 |
||
| 999 |
_c7509 _d7509 |
||